Macromolecules containing metal and metal-like elements
This series provides a useful, applications-oriented forum for the next generation of macromolecules and materials. Volume 4 provides useful descriptions of Group IV metals and their applications, including silicon-, organogermanium-, organotin-, and organolead-containing polymers. A high-quality te...
محفوظ في:
| التنسيق: | كتاب |
|---|---|
| اللغة: | Undetermined |
| منشور في: |
Hoboken, N.J.
Wiley-Interscience
2005
|
| الموضوعات: | |
| الوسوم: |
إضافة وسم
لا توجد وسوم, كن أول من يضع وسما على هذه التسجيلة!
|
| Thư viện lưu trữ: | Trung tâm Học liệu Trường Đại học Cần Thơ |
|---|
| LEADER | 01114nam a2200193Ia 4500 | ||
|---|---|---|---|
| 001 | CTU_164323 | ||
| 008 | 210402s9999 xx 000 0 und d | ||
| 020 | |c 200 | ||
| 082 | |a 547.05 | ||
| 082 | |b M174/Vol.4 | ||
| 245 | 0 | |a Macromolecules containing metal and metal-like elements | |
| 245 | 0 | |c edited by Alaa S. Abd-El-Aziz ... [et al.] | |
| 260 | |a Hoboken, N.J. | ||
| 260 | |b Wiley-Interscience | ||
| 260 | |c 2005 | ||
| 520 | |a This series provides a useful, applications-oriented forum for the next generation of macromolecules and materials. Volume 4 provides useful descriptions of Group IV metals and their applications, including silicon-, organogermanium-, organotin-, and organolead-containing polymers. A high-quality team of macromolecular experts from around the world have put together these leading macromolecule titles | ||
| 650 | |a Organometallic polymers,Organometallic compounds,Macromolecules,Hợp chất hữu cơ kim loại,Đại phân tử,Hợp chất hữu cơ kim loại phức | ||
| 904 | |i Bạch Trúc | ||
| 980 | |a Trung tâm Học liệu Trường Đại học Cần Thơ | ||